Govt. of
Madhya Pradesh

Text Book On Floriculture & Landscaping (Record no. 14780)

MARC details
000 -LEADER
fixed length control field 004870000a22001930004500
001 - CONTROL NUMBER
control field 002872
003 - CONTROL NUMBER IDENTIFIER
control field MACL
005 - DATE AND TIME OF LATEST TRANSACTION
control field 20150823112512.0
008 - FIXED-LENGTH DATA ELEMENTS--GENERAL INFORMATION
fixed length control field 150823b xxu||||| |||| 00| 0 eng d
040 ## - CATALOGING SOURCE
Original cataloging agency MACL
Transcribing agency MACL
041 ## - LANGUAGE CODE
Language code of text/sound track or separate title English
082 ## - DEWEY DECIMAL CLASSIFICATION NUMBER
Classification number 633/ROY
100 ## - MAIN ENTRY--PERSONAL NAME
Personal name Roychowdhury, N
9 (RLIN) 6899
245 ## - TITLE STATEMENT
Title Text Book On Floriculture & Landscaping
Statement of responsibility, etc. N Roychowdhury
260 ## - PUBLICATION, DISTRIBUTION, ETC. (IMPRINT)
Place of publication, distribution, etc. Kolkata
Date of publication, distribution, etc. 2001
Name of publisher, distributor, etc. Shyamal Ghose,
350 ## - PRICE (NR) (BK AM CF MU VM SE) [OBSOLETE]
Price 600
650 ## - SUBJECT ADDED ENTRY--TOPICAL TERM
Topical term or geographic name as entry element Agriculture
9 (RLIN) 6900
942 ## - ADDED ENTRY ELEMENTS (KOHA)
Call number prefix 633
Koha item type Books
Source of classification or shelving scheme
Holdings
Withdrawn status Lost status Source of classification or shelving scheme Damaged status Not for loan Home library Current library Date acquired Cost, normal purchase price Total Checkouts Full call number Barcode Date last seen Uniform Resource Identifier Price effective from Koha item type
          MACL MACL 15/04/2015 600.00   633/ROY CRE019790 02/05/2024 14667 15/04/2015 Books